Normal view MARC view

Entry Personal Name

Number of records used in: 1

001 - CONTROL NUMBER

  • control field: 342557

003 - CONTROL NUMBER IDENTIFIER

  • control field: OSt

005 - DATE AND TIME OF LATEST TRANSACTION

  • control field: 20220926035626.0

008 - FIXED-LENGTH DATA ELEMENTS

  • fixed length control field: 220926|| aca||aabn | a|a d

040 ## - CATALOGING SOURCE

  • Original cataloging agency: OSt
  • Transcribing agency: OSt

100 ## - HEADING--PERSONAL NAME

  • Personal name: Matolcsy Matthias

670 ## - SOURCE DATA FOUND

  • Source citation: Work cat.: (OSt)662697: Matolcsy Matthias, National income of Hungary, 1924/25-1936/37, etc, 1938
Copyright @ Delhi University Library System